Účtovanie odvodov zamestnancov v roku 2017

Účtovanie odvodov v sústave podvojného účtovníctva.

Gespeichert in:
Bibliographische Detailangaben
1. Verfasser: Pakšiová, Renáta, 1974-
Format: Buchkapitel
Sprache:Slowakisch
Schlagworte:
Tags: Tag hinzufügen
Keine Tags, Fügen Sie das erste Tag hinzu!

MARC

LEADER 00000naa a2200000 4500
001 0228875
005 20240502073752.7
041 0 |a slo 
044 |a SK 
245 1 0 |a Účtovanie odvodov zamestnancov v roku 2017  |c Renáta Pakšiová 
520 |a Účtovanie odvodov v sústave podvojného účtovníctva. 
610 2 0 |a odvody 
610 2 0 |a zamestnanci 
610 2 0 |a účtovanie 
610 2 0 |a účtovníctvo podvojné 
100 1 |a Pakšiová, Renáta, 1974-